000 00740cam a2200229 4500
001 WS124795
008 040109n 000 0 eng u
035 _a(Sirsi) u124795
110 _aMillstream Associates Limited
_94575
245 _aTenders Direct
520 _aSubscription web site providing access to over 30,000 current government and utility company contracts in the UK and Europe.
650 _aDATABASE
650 _aTENDERS
650 _aEUROPE
650 _aGOVERNMENT CONTRACTS
650 _aINTERNATIONAL
650 _aProcurement-old
650 _aUTILITY COMPANIES
690 _aEUROPE
856 4 0 _uhttps://www.tendersdirect.co.uk
_zView the website free of charge at www.tendersdirect.co.uk...
942 _n0
999 _c120387
_d120387